Esguerra (Record no. 59945)

MARC details
000 -LEADER
campo de control de longitud fija 00575nam a2200181 i 4500
001 - NÚMERO DE CONTROL
campo de control 59945
003 - IDENTIFICADOR DE NÚMERO DE CONTROL
campo de control ES-MaACL
005 - FECHA Y HORA DE LA ÚLTIMA TRANSACCIÓN
campo de control 20251009173641.0
007 - CAMPO FIJO DE DESCRIPCIÓN FÍSICA--INFORMACIÓN GENERAL
campo de control de longitud fija t|
008 - DATOS DE LONGITUD FIJA--INFORMACIÓN GENERAL
campo de control de longitud fija 031031s1935 ck ||||1| spa d
245 00 - MENCIÓN DEL TÍTULO
Título Esguerra
Resto del título : delirios republicanos /
Mención de responsabilidad, etc. conceptos de Antonio Gómez Restrepo y Fabio Lozano Torrijos.
260 ## - PUBLICACIÓN, DISTRIBUCIÓN, ETC.
Lugar de publicación, distribución, etc. Bogotá :
Nombre del editor, distribuidor, etc. [s.n.],
Fecha de publicación, distribución, etc. 1935 (
Fabricante Talleres mundo al día)
300 ## - DESCRIPCIÓN FÍSICA
Extensión 68 p.
700 1# - ENTRADA AGREGADA--NOMBRE PERSONAL
Nombre de persona Gómez Restrepo, Antonio,
Fechas asociadas al nombre 1869-1947
9 (RLIN) 58130
700 1# - ENTRADA AGREGADA--NOMBRE PERSONAL
Nombre de persona Lozano Torrijos, Fabio.
9 (RLIN) 74472
852 ## - LOCALIZACIÓN
Ubicación ES-MaACL
Número de control de estantería 1822-F-16
Holdings
Estatus retirado Estado de pérdida Estado de daño No para préstamo Colección Biblioteca de origen Biblioteca actual Ubicación en estantería Fecha de adquisición Fuente de adquisición Total de préstamos Signatura topográfica completa Código de barras Visto por última vez Precio de reemplazo Tipo de ítem Koha
        Colección de folletos Biblioteca del Ateneo de Madrid Biblioteca del Ateneo de Madrid Depósito folletos 17/01/2008     1822-F-16 1062868 23/02/2023 23/02/2023 Folleto